عرض عادي عرض مارك
  • TECHNOLOGY & ENGINEERING / Electrical.

مدخل مصطلح موضوعي

عدد التسجيلات المستخدمة في: 2

001 - رقم الضبط

  • حقل الضبط: 45938

003 - معرف رقم الضبط

  • حقل الضبط: OSt

005 - تاريخ ووقت أخر عملية

  • حقل الضبط: 20140707210407.0

008 - عناصر بيانات ثابتة الطول

  • حقل تحكم ثابت الطول: 140707|||a|||||| | ||| d

040 ## - مصدر الفهرسة

  • هيئة الفهرسة الأصلية: OSt
  • وكالة الكتابة: OSt

150 ## - مدخل-- مصطلح تاريخي

  • عنصر مدخل المصطلح الموضوعي او الاسم الجغرافي: TECHNOLOGY & ENGINEERING / Electrical.

670 ## - بيانات المصدر موجوده

  • الاستشهاد بالمصدر: Work cat.: (OSt)0: Stutzman, Warren L. 45937, Antenna theory and design /, 2013.